[Event "Annex CC Seeing Shadows"]
[Site "Toronto CAN"]
[Date "2026.01.19"]
[Round "2.1"]
[White "Zhao, Jeffrey R"]
[Black "Mammadov, Nihad"]
[Result "1-0"]
[WhiteElo "2214"]
[BlackElo "1967"]
[WhiteFideId "-1"]
[BlackFideId "-1"]
[PlyCount "43"]
[GameId "2275311594547977"]
[EventDate "2026.01.12"]
[EventType "swiss"]
[EventRounds "5"]
[EventCountry "CAN"]

1. e4 e5 2. Nf3 Nc6 3. Bc4 Bc5 4. O-O Nf6 5. d3 h6 6. c3 d6 7. Re1 O-O 8. Nbd2 a5 9. Nf1 Qe7 10. Ng3 Rb8 11. h3 Nd8 12. d4 Ba7 13. Be3 b5 14. dxe5 Bxe3 15. exf6 Bxf2+ 16. Kxf2 Qxf6 17. Bd5 a4 18. a3 Ne6 19. Kg1 Nf4 20. Rf1 Qg6 21. Kh2 h5 22. Qd2 1-0

[Event "Annex CC Seeing Shadows"]
[Site "Toronto CAN"]
[Date "2026.01.19"]
[Round "2.2"]
[White "Blair, Michael"]
[Black "Hosseinzadeh, Amirmahdi"]
[Result "0-1"]
[WhiteElo "1986"]
[BlackElo "2173"]
[WhiteFideId "-1"]
[BlackFideId "-1"]
[PlyCount "130"]
[GameId "2275313915022178"]
[EventDate "2026.01.12"]
[EventType "swiss"]
[EventRounds "5"]
[EventCountry "CAN"]

1. e4 e6 2. d4 d5 3. e5 c5 4. c3 Nc6 5. Nf3 Qb6 6. Bd3 cxd4 7. O-O Bd7 8. Re1 Nge7 9. c4 Nb4 10. Bf1 d3 11. Bxd3 Nxd3 12. Qxd3 dxc4 13. Qxc4 Rc8 14. Qd4 Nd5 15. Qxb6 Nxb6 16. Nc3 Bb4 17. Bd2 Nc4 18. a3 Be7 19. Ne4 Bc6 20. Bg5 Bxe4 21. Rxe4 Bxg5 22. Nxg5 O-O 23. b3 Nd2 24. Rb4 b6 25. Rd1 Rc3 26. g3 Rd3 27. Kg2 Rfd8 28. Ne4 Nxe4 29. Rxd3 Rxd3 30. Rxe4 Rxb3 31. Rc4 h5 32. a4 a5 33. Rc7 Rb4 34. Rb7 g5 35. h3 g4 36. h4 Rxa4 37. Rxb6 Rb4 38. Ra6 Rb5 39. Kg1 Rxe5 40. Kf1 Rf5 41. Ke2 Kf8 42. Ra7 Ke8 43. Ke3 Kd8 44. Kd4 Kc8 45. Kc4 Kb8 46. Rd7 Rxf2 47. Kb5 Kc8 48. Ra7 Kd8 49. Kc6 Rf5 50. Kd6 Rd5+ 51. Kc6 Ke8 52. Ra8+ Ke7 53. Ra7+ Kf6 54. Rb7 Kg6 55. Ra7 f6 56. Ra8 Rd3 57. Rxa5 Rxg3 58. Kd6 Re3 59. Ra8 g3 60. Ke7 Kf5 61. Ra5+ e5 62. Ra6 g2 63. Rxf6+ Kg4 64. Rg6+ Kh3 65. Kf6 Rg3 0-1

[Event "Annex CC Seeing Shadows"]
[Site "Toronto CAN"]
[Date "2026.01.19"]
[Round "2.3"]
[White "Bao, Tony"]
[Black "Vinuya, Ruth Joy"]
[Result "1/2-1/2"]
[WhiteElo "2172"]
[BlackElo "1962"]
[WhiteFideId "-1"]
[BlackFideId "-1"]
[PlyCount "98"]
[GameId "2275316559534954"]
[EventDate "2026.01.12"]
[EventType "swiss"]
[EventRounds "5"]
[EventCountry "CAN"]

1. e4 g6 2. d4 Bg7 3. Nf3 d6 4. Be2 Nf6 5. Nc3 O-O 6. O-O c6 7. a4 Qc7 8. h3 e5 9. dxe5 dxe5 10. Bc4 b6 11. Qe2 Ne8 12. b3 Nd6 13. Ba3 Rd8 14. Bd3 Nd7 15. Rad1 Nf8 16. Qe3 Ne6 17. Ne2 Bb7 18. Ng5 Nxg5 19. Qxg5 c5 20. Nc3 a6 21. f3 h6 22. Qg3 Kh7 23. Qf2 Rac8 24. Rfe1 a5 25. Qe3 Rd7 26. Bf1 Rcd8 27. Nd5 Bxd5 28. Rxd5 Nc8 29. Bc4 Rxd5 30. Bxd5 f5 31. Rd1 Ne7 32. Qd3 f4 33. Qb5 Bf6 34. Rd3 Kg7 35. c3 Nxd5 36. exd5 Be7 37. Qc4 Qd6 38. Bb2 Qf6 39. Qe4 Bd6 40. Ba3 Qf5 41. Qc4 Qd7 42. Qa6 Qc7 43. Qc4 Qe7 44. Rd1 Re8 45. Re1 Qd7 46. Qa6 Qc7 47. Re4 g5 48. Qb5 Rb8 49. Kh1 Qb7 1/2-1/2

[Event "Annex CC Seeing Shadows"]
[Site "Toronto CAN"]
[Date "2026.01.19"]
[Round "2.4"]
[White "Campbell, Brett"]
[Black "Moon, Ethan"]
[Result "0-1"]
[WhiteElo "1964"]
[BlackElo "2155"]
[WhiteFideId "-1"]
[BlackFideId "-1"]
[PlyCount "144"]
[GameId "2275318290099058"]
[EventDate "2026.01.12"]
[EventType "swiss"]
[EventRounds "5"]
[EventCountry "CAN"]

1. Nf3 Nf6 2. b3 b6 3. Bb2 Bb7 4. e3 e6 5. d4 Be7 6. Nbd2 O-O 7. Bd3 d5 8. O-O Nbd7 9. c4 c5 10. Rc1 Rc8 11. Qe2 cxd4 12. exd4 Bd6 13. Ne5 Qe7 14. f4 g6 15. cxd5 Rxc1 16. Rxc1 Nxd5 17. g3 N7f6 18. Ndc4 Nb4 19. Bb1 Rc8 20. a3 Nbd5 21. b4 Bb8 22. h3 Nh5 23. Qf2 Nhf6 24. Bd3 Nc7 25. Bf1 Nce8 26. Bg2 Bd5 27. Ne3 Rxc1+ 28. Bxc1 Qc7 29. Qc2 Bxg2 30. Qxc7 Bxc7 31. Kxg2 b5 32. Kf3 Bb6 33. Bb2 Nc7 34. Nd3 Kf8 35. Nc5 Ncd5 36. g4 Ke7 37. Nxd5+ Nxd5 38. Ke4 f5+ 39. Kf3 Kd6 40. Nd3 Nf6 41. Nc5 Kd5 42. g5 Ng8 43. Ke3 Bxc5 44. dxc5 Ne7 45. Kd3 Nc6 46. Bc3 a6 47. h4 Nb8 48. Be5 Nc6 49. Bc7 Nd4 50. Bd6 Nf3 51. Ke3 Nd4 52. Kd3 Nc6 53. Bc7 Ne7 54. Bd6 Nc8 55. Bf8 e5 56. fxe5 Kxe5 57. Bg7+ Kd5 58. Ke3 Ne7 59. Bf8 Nc6 60. Bd6 a5 61. bxa5 Nxa5 62. Kd3 Nb7 63. Bb8 Nxc5+ 64. Kc3 Ke4 65. Bd6 Nd3 66. Kd2 f4 67. Ke2 f3+ 68. Kf1 Nf4 69. Kf2 Nd5 70. Bc5 Nc7 71. Bd6 Ne6 72. Bb8 Nd4 0-1

[Event "Annex CC Seeing Shadows"]
[Site "Toronto CAN"]
[Date "2026.01.19"]
[Round "2.5"]
[White "Lau, Jayden"]
[Black "Mittal, Aashwin"]
[Result "0-1"]
[WhiteElo "1899"]
[BlackElo "2061"]
[WhiteFideId "-1"]
[BlackFideId "-1"]
[PlyCount "98"]
[GameId "2275323078753149"]
[EventDate "2026.01.12"]
[EventType "swiss"]
[EventRounds "5"]
[EventCountry "CAN"]

1. e4 c6 2. Nf3 d5 3. Nc3 dxe4 4. Nxe4 Nf6 5. Qe2 Nxe4 6. Qxe4 Nd7 7. Bc4 Nf6 8. Ne5 e6 9. Qe2 b5 10. Bd3 Qc7 11. Nxc6 a6 12. Nd4 Bc5 13. Nb3 Bd6 14. h3 Bb7 15. O-O Nd5 16. Be4 O-O 17. d4 f5 18. Bf3 Rf6 19. Rd1 Rg6 20. Kh1 Re8 21. Be3 Qe7 22. Na5 Ba8 23. c4 Nxe3 24. Qxe3 Bc7 25. Bxa8 Qd6 26. Qe5 Qd8 27. Nc6 Qg5 28. Ne7+ Qxe7 29. Qc5 Qxc5 30. dxc5 Rxa8 31. Rd7 Rc8 32. cxb5 axb5 33. a4 bxa4 34. Rxa4 e5 35. Ra7 Rc6 36. b4 e4 37. Rd5 Rb8 38. Rd7 Be5 39. Re7 Bc3 40. g3 h6 41. Rab7 Ra8 42. Rb5 Ra2 43. Kg1 Bd4 44. Rb8+ Kh7 45. g4 Rxf2 46. Rd7 Rd2+ 47. Kf1 Ra6 48. Ke1 e3 49. Rxd4 Ra1# 0-1

[Event "Annex CC Seeing Shadows"]
[Site "Toronto CAN"]
[Date "2026.01.19"]
[Round "2.6"]
[White "Southam, David"]
[Black "Mendoza, Armand Jess"]
[Result "1-0"]
[WhiteElo "2054"]
[BlackElo "1847"]
[WhiteFideId "-1"]
[BlackFideId "-1"]
[PlyCount "95"]
[GameId "2275364498713477"]
[EventDate "2026.01.12"]
[EventType "swiss"]
[EventRounds "5"]
[EventCountry "CAN"]

1. d4 c5 2. d5 f5 3. c4 Nf6 4. Nc3 g6 5. g3 Bg7 6. Nh3 Na6 7. Nf4 g5 8. Nd3 h6 9. Bg2 d6 10. h4 g4 11. Nf4 Nc7 12. Ng6 Rh7 13. Nf4 Rb8 14. a4 h5 15. e4 Kf7 16. Qd3 fxe4 17. Nxe4 Kg8 18. Ng5 Rh8 19. O-O Qe8 20. Re1 Rh6 21. Bd2 Bd7 22. b3 Nh7 23. Rad1 Bf6 24. Nxh7 Rxh7 25. Be4 Rg7 26. Bg6 Qf8 27. Nxh5 Bd4 28. Be3 Bxe3 29. Rxe3 Rf7 30. Bxf7+ Qxf7 31. Nf4 Bf5 32. Qe2 Re8 33. Re1 Kf8 34. Qb2 Kg8 35. R3e2 Na8 36. Qd2 Nc7 37. Qa5 e5 38. dxe6 Nxe6 39. Qd2 Ng7 40. Qxd6 Rc8 41. Re7 Qf8 42. Nd5 Rc6 43. Qf4 Bc8 44. Qg5 Re6 45. R1xe6 Bxe6 46. Rxe6 Qf3 47. Re8+ Kf7 48. Re7+ 1-0

[Event "Annex CC Seeing Shadows"]
[Site "Toronto CAN"]
[Date "2026.01.19"]
[Round "2.7"]
[White "Moran-Vanegas, Mario"]
[Black "Lazarev, Shon"]
[Result "0-1"]
[WhiteElo "1699"]
[BlackElo "2041"]
[WhiteFideId "-1"]
[BlackFideId "-1"]
[PlyCount "87"]
[GameId "2275368166591373"]
[EventDate "2026.01.12"]
[EventType "swiss"]
[EventRounds "5"]
[EventCountry "CAN"]

1. Nf3 d5 2. d4 Nf6 3. c4 e6 4. Nc3 a6 5. e3 dxc4 6. Bxc4 c5 7. O-O Nc6 8. a3 cxd4 9. Nxd4 Nxd4 10. Qxd4 Qxd4 11. exd4 b5 12. Ba2 Bb7 13. Bg5 Be7 14. Rfe1 O-O-O 15. Rac1 Kb8 16. Bf4+ Ka8 17. Ne2 Nd5 18. Be5 Bf6 19. Bxd5 Bxd5 20. Rc7 Rhf8 21. Nf4 Bxe5 22. dxe5 Kb8 23. Nxd5 Rxd5 24. Rc2 Rfd8 25. Kf1 Kb7 26. Rec1 R8d7 27. f4 Rd4 28. g3 h5 29. Ke2 b4 30. axb4 Rxb4 31. Rd1 Re4+ 32. Kf3 Rxf4+ 33. Kxf4 Rxd1 34. Kg5 Rf1 35. Re2 Rf5+ 36. Kh4 Kc6 37. b3 Kd5 38. Ra2 Kxe5 39. Rxa6 Kd4 40. Ra2 Kd3 41. b4 Rb5 42. Rf2 f6 43. Rf3+ Ke2 44. Rf4 0-1

[Event "Annex CC Seeing Shadows"]
[Site "Toronto CAN"]
[Date "2026.01.19"]
[Round "2.8"]
[White "Nazareno, Merlin"]
[Black "Dick, Joel"]
[Result "0-1"]
[WhiteElo "2064"]
[BlackElo "1890"]
[WhiteFideId "-1"]
[BlackFideId "-1"]
[PlyCount "164"]
[GameId "2275382781082517"]
[EventDate "2026.01.12"]
[EventType "swiss"]
[EventRounds "5"]
[EventCountry "CAN"]

1. d4 Nf6 2. Nc3 d5 3. e4 Nxe4 4. Nxe4 dxe4 5. Be3 Nd7 6. c3 g6 7. Qd2 Bg7 8. Bh6 O-O 9. h4 Bxh6 10. Qxh6 e5 11. O-O-O Qf6 12. Nh3 Qg7 13. Qe3 exd4 14. Rxd4 Nf6 15. Be2 c5 16. Rd2 b6 17. Ng5 Bf5 18. Qf4 h6 19. Nh3 Rad8 20. Rxd8 Rxd8 21. g4 Be6 22. g5 Nd5 23. Qg3 Bxh3 24. Qxh3 Nf4 25. Qe3 Nxe2+ 26. Qxe2 hxg5 27. hxg5 Qe5 28. Qg4 e3 29. Qe2 Qxg5 30. fxe3 Re8 31. Re1 Qg3 32. Qd2 Qh4 33. Rd1 Qe7 34. Re1 Rd8 35. Qg2 Qe6 36. a3 Qd5 37. e4 Qe5 38. Qg4 Qh2 39. Qg5 Re8 40. e5 Qh5 41. Qf6 Qf5 42. Qd6 Qg5+ 43. Kb1 Rd8 44. Qc7 Qf5+ 45. Kc1 Qd7 46. Qxd7 Rxd7 47. c4 Kf8 48. Kc2 Ke7 49. b4 cxb4 50. axb4 Ke6 51. Kc3 a5 52. bxa5 bxa5 53. Kb3 Rb7+ 54. Kc3 a4 55. Kd4 a3 56. c5 a2 57. Ra1 Rb4+ 58. Kc3 Ra4 59. Kb3 Ra6 60. Kc4 Kxe5 61. Kb5 Ra3 62. Kb6 Kd5 63. c6 Rb3+ 64. Kc7 Rc3 65. Rd1+ Kc5 66. Kb7 Rb3+ 67. Kc7 Ra3 68. Ra1 Ra7+ 69. Kb8 Kb6 70. c7 Rb7+ 71. Ka8 Rxc7 72. Kb8 Rc2 73. Rf1 f5 74. Rg1 Rc6 75. Ra1 Re6 76. Kc8 Re8+ 77. Kd7 Ra8 78. Ke6 Kb5 79. Kf6 Ra6+ 80. Kg5 Kb4 81. Kf4 Kb3 82. Kg5 Kb2 0-1

[Event "Annex CC Seeing Shadows"]
[Site "Toronto CAN"]
[Date "2026.01.19"]
[Round "2.9"]
[White "Tenkov, Arkadii"]
[Black "Zhao, Shannon"]
[Result "1-0"]
[WhiteElo "1968"]
[BlackElo "1801"]
[WhiteFideId "-1"]
[BlackFideId "-1"]
[PlyCount "91"]
[GameId "2275408072420259"]
[EventDate "2026.01.12"]
[EventType "swiss"]
[EventRounds "5"]
[EventCountry "CAN"]

1. e4 c5 2. Nf3 d6 3. Bb5+ Bd7 4. Bxd7+ Qxd7 5. O-O Nc6 6. c3 Nf6 7. Re1 g6 8. d4 cxd4 9. cxd4 Bg7 10. Nc3 O-O 11. h3 a6 12. Bf4 Rac8 13. Qd2 Na5 14. Qe2 Nc4 15. Rad1 d5 16. Ne5 Qe6 17. Nxc4 dxc4 18. d5 Qb6 19. e5 Ne8 20. d6 exd6 21. Nd5 Qd8 22. exd6 Kh8 23. d7 Qxd7 24. Ne7 Qe6 25. Qxe6 fxe6 26. Nxc8 Rxf4 27. Rd8 Rf8 28. Rxe6 Nc7 29. Rxf8+ Bxf8 30. Rb6 Nd5 31. Rxb7 Nb4 32. Rc7 Nxa2 33. Rxc4 Nb4 34. Nb6 Nd3 35. Na4 Kg8 36. Kf1 Bg7 37. b4 Bf8 38. Nc5 Nxb4 39. Rxb4 Bxc5 40. Ra4 Kf7 41. Rxa6 h5 42. Ke2 h4 43. f4 Bg1 44. Kf3 Bh2 45. Kg4 Bg3 46. Kg5 1-0

[Event "Annex CC Seeing Shadows"]
[Site "Toronto CAN"]
[Date "2026.01.19"]
[Round "2.10"]
[White "Malakhovets, Sergey"]
[Black "Zivojinovic, Viktor"]
[Result "1-0"]
[WhiteElo "2131"]
[BlackElo "1770"]
[WhiteFideId "-1"]
[BlackFideId "-1"]
[PlyCount "113"]
[GameId "2275410466102187"]
[EventDate "2026.01.12"]
[EventType "swiss"]
[EventRounds "5"]
[EventCountry "CAN"]

1. d4 d5 2. Nc3 Nf6 3. Bf4 e6 4. Nb5 Na6 5. e3 c6 6. Nc3 Qa5 7. Bd3 Ba3 8. bxa3 Qxc3+ 9. Kf1 Qxa3 10. Nf3 Nb4 11. Bd6 Qc3 12. Rb1 Nxd3 13. cxd3 Qa5 14. Qc2 Qd8 15. Ba3 Qc7 16. Ne5 Nd7 17. f4 f6 18. Nf3 Kf7 19. g4 Re8 20. Kg2 e5 21. dxe5 fxe5 22. Ng5+ Kg8 23. d4 e4 24. f5 Nf6 25. Qe2 b6 26. Rbf1 a5 27. Rf4 h6 28. Nh3 Nh7 29. Rc1 Ba6 30. Qf2 Bc4 31. Qh4 Qd8 32. Qg3 Qf6 33. Ng1 Bxa2 34. h4 Bc4 35. Rc2 b5 36. Bc5 b4 37. Nh3 Qf7 38. g5 hxg5 39. hxg5 g6 40. Rcf2 b3 41. Rh4 Rab8 42. Rh6 gxf5 43. g6 Qg7 44. Rxh7 Qf6 45. Rf7 Qh8 46. R2xf5 Bf1+ 47. Rxf1 Qh5 48. Nf4 Qh6 49. Rh7 b2 50. Rxh6 b1=Q 51. Rxb1 Rxb1 52. Rh8+ Kxh8 53. Qh4+ Kg7 54. Qh7+ Kf6 55. Qf7+ Kg5 56. Nh3+ Kh4 57. Qf4+ 1-0

[Event "Annex CC Seeing Shadows"]
[Site "Toronto CAN"]
[Date "2026.01.19"]
[Round "2.11"]
[White "Sherman, Joshua"]
[Black "Ugodnikov, Arkadiy"]
[Result "1/2-1/2"]
[WhiteElo "1913"]
[BlackElo "1736"]
[WhiteFideId "-1"]
[BlackFideId "-1"]
[PlyCount "115"]
[GameId "2275419465550774"]
[EventDate "2026.01.12"]
[EventType "swiss"]
[EventRounds "5"]
[EventCountry "CAN"]

1. e4 e5 2. Nf3 Nc6 3. Bc4 Bc5 4. c3 Nf6 5. d3 a6 6. Bb3 d6 7. O-O O-O 8. Nbd2 h6 9. h3 Ba7 10. Re1 Be6 11. Bc2 Nh7 12. Nf1 f5 13. Be3 fxe4 14. dxe4 Bxe3 15. Rxe3 Ng5 16. Nxg5 Qxg5 17. Bb3 Qe7 18. Ng3 Kh7 19. Bxe6 Qxe6 20. Qd2 Ne7 21. Rd3 Ng6 22. c4 Nf4 23. Rc3 Rad8 24. Rd1 Qg6 25. Kh2 h5 26. f3 Ne6 27. Nf5 Qf6 28. b4 Nf4 29. Ne3 Ne6 30. Nd5 Qf7 31. Rd3 Nd4 32. f4 c6 33. fxe5 dxe5 34. Nb6 Qf4+ 35. Qxf4 Rxf4 36. Re1 Rf2 37. a3 Kg6 38. c5 Rc2 39. Rf1 Re8 40. Rg3+ Kh6 41. h4 Re6 42. Rf7 Rg6 43. Nd7 Rxg3 44. Kxg3 Re2 45. Nxe5 Rxe4 46. Nf3 Nc2 47. Rxb7 Nxa3 48. Ng5 Rc4 49. Nf7+ Kh7 50. Ne5 Rc3+ 51. Kf4 Nc2 52. Nxc6 Rc4+ 53. Ke5 Nxb4 54. Nxb4 Rxc5+ 55. Kd6 Rc4 56. Nxa6 Rxh4 57. Ke5 Rg4 58. Rb2 1/2-1/2

[Event "Annex CC Seeing Shadows"]
[Site "Toronto CAN"]
[Date "2026.01.19"]
[Round "2.12"]
[White "Fines, John"]
[Black "Allahverdi, Umid"]
[Result "1/2-1/2"]
[WhiteElo "1762"]
[BlackElo "1905"]
[WhiteFideId "-1"]
[BlackFideId "-1"]
[PlyCount "69"]
[GameId "2275421294566334"]
[EventDate "2026.01.12"]
[EventType "swiss"]
[EventRounds "5"]
[EventCountry "CAN"]

1. e4 c5 2. Nf3 d6 3. d4 cxd4 4. Nxd4 Nf6 5. Nc3 a6 6. Bg5 e6 7. f4 Be7 8. Qf3 Qc7 9. O-O-O Nbd7 10. g4 b5 11. Bxf6 Bxf6 12. g5 Bxd4 13. Rxd4 Bb7 14. a3 Nc5 15. Bg2 Rc8 16. Qd1 O-O 17. Rxd6 Na4 18. Nxa4 bxa4 19. Rf1 Rfd8 20. Rxd8+ Rxd8 21. Qe2 Bc6 22. Qxa6 Rb8 23. Qc4 Qb6 24. Qc3 Bb5 25. Rd1 Be2 26. Re1 Bg4 27. h3 Bh5 28. Re3 Rd8 29. Kb1 g6 30. Ka2 Qb8 31. e5 Qb6 32. Rd3 Rxd3 33. Qxd3 Qf2 34. Qe4 Bd1 35. Qd3 1/2-1/2

[Event "Annex CC Seeing Shadows"]
[Site "Toronto CAN"]
[Date "2026.01.19"]
[Round "2.13"]
[White "Katz, Lyam"]
[Black "Bakradze, Joshua"]
[Result "0-1"]
[WhiteElo "1902"]
[BlackElo "1721"]
[WhiteFideId "-1"]
[BlackFideId "-1"]
[PlyCount "78"]
[GameId "2275422525590470"]
[EventDate "2026.01.12"]
[EventType "swiss"]
[EventRounds "5"]
[EventCountry "CAN"]

1. e4 e5 2. Nf3 Nc6 3. Nc3 Nf6 4. Bb5 Nd4 5. O-O Nxb5 6. Nxb5 Nxe4 7. Nxe5 Be7 8. Re1 Nf6 9. d4 O-O 10. c4 c6 11. Nc3 d5 12. c5 Nd7 13. Bf4 Nxe5 14. Bxe5 Re8 15. b4 Bd7 16. Qd3 Bf6 17. f4 Bxe5 18. fxe5 Qg5 19. Rf1 Bg4 20. Qg3 Qh5 21. Rf4 Be6 22. Raf1 b5 23. Nd1 a5 24. Ne3 axb4 25. Nf5 Bxf5 26. Rxf5 Qg6 27. Rg5 Qh6 28. Rf6 g6 29. Qf4 Rxa2 30. e6 Rxe6 31. Rxe6 fxe6 32. Qf6 Ra1+ 33. Kf2 Qf8 34. Qxf8+ Kxf8 35. Rg3 Ra3 36. Ke2 Rxg3 37. hxg3 Kg7 38. Kd2 Kf6 39. Kc2 Kf5 0-1

[Event "Annex CC Seeing Shadows"]
[Site "Toronto CAN"]
[Date "2026.01.19"]
[Round "2.14"]
[White "Xiao, Stephanie"]
[Black "Kolndreu, Albion"]
[Result "1/2-1/2"]
[WhiteElo "1708"]
[BlackElo "1872"]
[WhiteFideId "-1"]
[BlackFideId "-1"]
[PlyCount "79"]
[GameId "2275424278563790"]
[EventDate "2026.01.12"]
[EventType "swiss"]
[EventRounds "5"]
[EventCountry "CAN"]

1. e4 e5 2. Nf3 Nc6 3. d4 exd4 4. Bc4 Nf6 5. e5 d5 6. Bb5 Ne4 7. Nxd4 Bc5 8. Bxc6+ bxc6 9. c3 Ba6 10. Be3 Bxd4 11. cxd4 O-O 12. Nd2 Rb8 13. Qc2 Qd7 14. Nb3 h6 15. f3 Ng5 16. Nc5 Qc8 17. Bxg5 hxg5 18. h4 g4 19. Nxa6 Qxa6 20. fxg4 Rb4 21. Qd2 Rfb8 22. b3 c5 23. dxc5 Re4+ 24. Kf2 Rbb4 25. Rhe1 Rbd4 26. Qc2 Rf4+ 27. Kg1 Rxg4 28. Rad1 Rxh4 29. Rxd4 Rxd4 30. Rd1 Rxd1+ 31. Qxd1 Qe6 32. Qd4 c6 33. Qa4 Qxe5 34. Qxc6 d4 35. Qd6 Qxd6 36. cxd6 Kf8 37. Kf2 Ke8 38. Ke2 Kd7 39. Kd3 Kxd6 40. Kxd4 1/2-1/2

[Event "Annex CC Seeing Shadows"]
[Site "Toronto CAN"]
[Date "2026.01.12"]
[Round "1.1"]
[White "Lau, Jayden"]
[Black "Sherman, Joshua"]
[Result "1-0"]
[WhiteElo "1899"]
[BlackElo "1913"]
[WhiteFideId "-1"]
[BlackFideId "-1"]
[PlyCount "66"]
[GameId "2275618110571838"]
[EventDate "2026.01.12"]
[EventType "swiss"]
[EventRounds "5"]
[EventCountry "CAN"]

1. e4 d5 2. exd5 Nf6 3. Nf3 Bg4 4. Be2 Qxd5 5. Nc3 Qf5 6. d4 Nc6 7. h3 Bxf3 8. Bxf3 O-O-O 9. Be3 Nxd4 10. Bxd4 e5 11. Ne2 exd4 12. O-O Bc5 13. b4 Bb6 14. a4 a5 15. Ng3 Qg5 16. Qd3 Rhe8 17. h4 Qe5 18. Rfb1 c6 19. bxa5 Bxa5 20. Qc4 Nd5 21. Ne4 Bc7 22. Ng3 Ba5 23. Rb3 d3 24. Rab1 dxc2 25. Bg4+ f5 26. Bxf5+ Qxf5 27. Nxf5 cxb1=Q+ 28. Rxb1 g6 29. Ng3 Re7 30. Ne4 Bb6 31. Rb5 Bc7 32. Rb1 Rde8 33. f3 Nf6 1-0

[Event "Annex CC Seeing Shadows"]
[Site "Toronto CAN"]
[Date "2026.01.12"]
[Round "1.2"]
[White "Allahverdi, Umid"]
[Black "Zhao, Jeffrey R"]
[Result "0-1"]
[WhiteElo "1905"]
[BlackElo "2214"]
[WhiteFideId "-1"]
[BlackFideId "-1"]
[PlyCount "100"]
[GameId "2275622977940053"]
[EventDate "2026.01.12"]
[EventType "swiss"]
[EventRounds "5"]
[EventCountry "CAN"]

1. e4 c5 2. Nf3 d6 3. d4 cxd4 4. Nxd4 Nf6 5. Nc3 a6 6. Be3 e5 7. Nb3 Be6 8. f3 Be7 9. Nd5 Nxd5 10. exd5 Bf5 11. a4 Bg5 12. Bf2 h5 13. Bd3 Bxd3 14. Qxd3 Nd7 15. O-O O-O 16. a5 Rc8 17. c4 f5 18. Rfe1 Qf6 19. Be3 Bxe3+ 20. Rxe3 e4 21. Qe2 Ne5 22. Rc1 exf3 23. gxf3 Qg5+ 24. Kh1 Rxc4 25. Rxc4 Nxc4 26. Rc3 Ne5 27. Nd4 Rf7 28. Rc8+ Kh7 29. f4 Qxf4 30. Ne6 Qh4 31. Qe3 f4 32. Qe4+ g6 33. Nf8+ Kh6 34. Ne6 Qf6 35. Qxf4+ Qxf4 36. Rh8+ Rh7 37. Rxh7+ Kxh7 38. Nxf4 Kg7 39. Ne6+ Kf6 40. Kg2 Nc4 41. Kf3 Nxb2 42. Nd8 Ke7 43. Nxb7 Nc4 44. Kf4 Kd7 45. Kg5 Ne5 46. Kf4 Kc7 47. Nc5 g5+ 48. Ke4 dxc5 49. Kxe5 g4 50. Kf6 Kd6 0-1

[Event "Annex CC Seeing Shadows"]
[Site "Toronto CAN"]
[Date "2026.01.12"]
[Round "1.3"]
[White "Hosseinzadeh, Amirmahdi"]
[Black "Katz, Lyam"]
[Result "1-0"]
[WhiteElo "2173"]
[BlackElo "1902"]
[WhiteFideId "-1"]
[BlackFideId "-1"]
[PlyCount "155"]
[GameId "2275625201531485"]
[EventDate "2026.01.12"]
[EventType "swiss"]
[EventRounds "5"]
[EventCountry "CAN"]

1. Nf3 Nf6 2. g3 g6 3. b3 b6 4. c4 c5 5. Bg2 Bb7 6. O-O Bg7 7. Bb2 O-O 8. d4 cxd4 9. Qxd4 d6 10. Rd1 Nbd7 11. Nc3 Ne4 12. Qd3 Ndc5 13. Qc2 Nxc3 14. Bxc3 Bxc3 15. Qxc3 Rc8 16. Ne1 Qc7 17. Qd2 Bxg2 18. Nxg2 a6 19. Qh6 Ne4 20. Rd4 f5 21. Nf4 e5 22. Rxe4 fxe4 23. Ne6 Qf7 24. Nxf8 Rxf8 25. Qe3 b5 26. cxb5 axb5 27. a4 bxa4 28. bxa4 d5 29. a5 Ra8 30. Qb6 Kg7 31. a6 Qa7 32. Qc6 Rf8 33. e3 Qf7 34. Rf1 Re8 35. Rb1 Kh6 36. a7 Rf8 37. Rf1 Qxa7 38. Qxd5 Qe7 39. Qxe4 Qf6 40. h4 Qf5 41. Qg2 Kg7 42. g4 Qf6 43. Qg3 Rf7 44. Rd1 Re7 45. Kg2 Qc6+ 46. Qf3 Qe6 47. Qe4 Qf6 48. Kg3 Rf7 49. f3 Re7 50. Rd5 Qe6 51. Rc5 Qd6 52. Rd5 Qe6 53. h5 gxh5 54. gxh5 h6 55. Qg4+ Qxg4+ 56. Kxg4 Kh7 57. Kf5 e4 58. f4 Kg7 59. Re5 Ra7 60. Rxe4 Ra1 61. Re7+ Kf8 62. Re6 Ra5+ 63. Kg6 Ra1 64. Kxh6 Rg1 65. e4 Kf7 66. Rg6 Rf1 67. Kg5 Re1 68. e5 Rg1+ 69. Kf5 Rh1 70. Rf6+ Ke7 71. h6 Rh2 72. Kg6 Rg2+ 73. Kh7 Rg4 74. f5 Rg5 75. Re6+ Kf7 76. Rg6 Rh5 77. e6+ Ke7 78. Kg7 1-0

[Event "Annex CC Seeing Shadows"]
[Site "Toronto CAN"]
[Date "2026.01.12"]
[Round "1.4"]
[White "Kolndreu, Albion"]
[Black "Bao, Tony"]
[Result "0-1"]
[WhiteElo "1872"]
[BlackElo "2172"]
[WhiteFideId "-1"]
[BlackFideId "-1"]
[PlyCount "62"]
[GameId "2275654098385515"]
[EventDate "2026.01.12"]
[EventType "swiss"]
[EventRounds "5"]
[EventCountry "CAN"]

1. e4 c5 2. b3 Nf6 3. Nc3 Nc6 4. Nf3 d6 5. Bb2 e6 6. h3 Be7 7. Be2 a6 8. O-O O-O 9. d4 cxd4 10. Nxd4 Nxd4 11. Qxd4 b5 12. f4 Bb7 13. Bd3 Qc7 14. Kh2 Rac8 15. Qf2 Nd7 16. Ne2 Bf6 17. Bxf6 Nxf6 18. Ng3 Qc5 19. Qe2 d5 20. e5 Ne4 21. Bxe4 dxe4 22. Nh5 f5 23. exf6 g6 24. Ng3 Qxc2 25. f7+ Rxf7 26. Qg4 e3 27. Ne2 h5 28. Qxe6 Qxe2 29. Qxg6+ Rg7 30. Qe6+ Kh7 31. Qf5+ Kh8 0-1

[Event "Annex CC Seeing Shadows"]
[Site "Toronto CAN"]
[Date "2026.01.12"]
[Round "1.5"]
[White "Moon, Ethan"]
[Black "Furrow, Matthew"]
[Result "1-0"]
[WhiteElo "2155"]
[BlackElo "1858"]
[WhiteFideId "-1"]
[BlackFideId "-1"]
[PlyCount "115"]
[GameId "2275655975004811"]
[EventDate "2026.01.12"]
[EventType "swiss"]
[EventRounds "5"]
[EventCountry "CAN"]

1. c4 e5 2. g3 g6 3. Bg2 Bg7 4. Nc3 Nf6 5. e4 Nc6 6. Nge2 d6 7. O-O O-O 8. d3 Be6 9. Nd5 Ne7 10. Bg5 Nfxd5 11. cxd5 Bd7 12. Qd2 c5 13. dxc6 bxc6 14. d4 f6 15. Be3 Be6 16. Rfd1 d5 17. Nc3 dxe4 18. dxe5 f5 19. Bc5 Qxd2 20. Rxd2 Rfe8 21. Bd6 Nd5 22. f4 Nxc3 23. bxc3 Bf8 24. a3 Bxd6 25. Rxd6 Bd5 26. Bf1 Rad8 27. Rxd8 Rxd8 28. Rb1 Rd7 29. Kf2 Be6 30. Ke3 Kf7 31. Be2 Ke7 32. h4 Kd8 33. Ba6 c5 34. Be2 Kc7 35. Ba6 Kd8 36. Rb8+ Kc7 37. Re8 Bf7 38. Rh8 Be6 39. Bb5 Re7 40. Be2 Rd7 41. Re8 Bf7 42. Rh8 Be6 43. Rf8 Kb7 44. Rf6 Re7 45. h5 gxh5 46. Bxh5 Bg8 47. Rxf5 Rg7 48. g4 Be6 49. Rf6 Bxg4 50. Bxg4 Rxg4 51. Kxe4 h5 52. Rh6 h4 53. Kf5 Rg3 54. Rxh4 Rxc3 55. Ke6 Kc6 56. f5 c4 57. Rf4 Kc5 58. f6 1-0

[Event "Annex CC Seeing Shadows"]
[Site "Toronto CAN"]
[Date "2026.01.12"]
[Round "1.6"]
[White "Mendoza, Armand Jess"]
[Black "Malakhovets, Sergey"]
[Result "1-0"]
[WhiteElo "1847"]
[BlackElo "2131"]
[WhiteFideId "-1"]
[BlackFideId "-1"]
[PlyCount "104"]
[GameId "2275661148043926"]
[EventDate "2026.01.12"]
[EventType "swiss"]
[EventRounds "5"]
[EventCountry "CAN"]

1. e4 c6 2. Nf3 d5 3. e5 Bf5 4. d4 e6 5. g3 c5 6. c3 Nc6 7. a3 h5 8. Bg2 Nh6 9. O-O Be7 10. Re1 h4 11. b4 hxg3 12. fxg3 cxd4 13. cxd4 a6 14. Nbd2 Bg4 15. h3 Bxf3 16. Nxf3 Nf5 17. g4 Nh4 18. Be3 Nxf3+ 19. Qxf3 Bg5 20. Bf2 Bh4 21. Rf1 Bxf2+ 22. Rxf2 Qe7 23. Qf4 g5 24. Qe3 Rf8 25. Bf1 a5 26. b5 Na7 27. Rf6 Rg8 28. b6 Nc8 29. Bb5+ Kf8 30. Raf1 Rg7 31. h4 gxh4 32. Qh6 Kg8 33. Bd3 Nxb6 34. g5 Nd7 35. Kh1 Nf8 36. Qxh4 Ng6 37. Qf2 Rf8 38. Qb2 Rh7+ 39. Kg2 Rh5 40. Qc1 Nh4+ 41. Kg3 Nf5+ 42. Bxf5 exf5 43. R1xf5 Qd7 44. Kg4 Rh7 45. Qe3 Re8 46. Qf3 Re6 47. Kg3 Rg7 48. Kf4 Qa4 49. Qxd5 Qe8 50. Qxb7 Rxf6 51. gxf6 Rh7 52. Rg5+ Kh8 1-0